Wafadari Imaandari Zimmedari: War-Room To Board-Room (Record no. 367888)

MARC details
000 -LEADER
fixed length control field 00274 a2200109 4500
005 - DATE AND TIME OF LATEST TRANSACTION
control field 20250929140143.0
020 ## - INTERNATIONAL STANDARD BOOK NUMBER
International Standard Book Number 9780670098828
100 ## - MAIN ENTRY--PERSONAL NAME
Personal name Dhillon K.J.S.
9 (RLIN) 213467
245 ## - TITLE STATEMENT
Title Wafadari Imaandari Zimmedari: War-Room To Board-Room
260 ## - PUBLICATION, DISTRIBUTION, ETC. (IMPRINT)
Name of publisher, distributor, etc. Penguin
Date of publication, distribution, etc. 2025
942 ## - ADDED ENTRY ELEMENTS (KOHA)
Koha item type Article
Holdings
Withdrawn status Lost status Source of classification or shelving scheme Damaged status Not for loan Home library Current library Date acquired Vendor Cost, normal purchase price Total Checkouts Full call number Barcode Date last seen Date last checked out Cost, replacement price Bill Date Koha item type
    Dewey Decimal Classification     Cummins College of Engineering for Women Pune Cummins College of Engineering for Women Pune 29/09/2025 63 479.20 2 813.6 DHI CCEP-BK-69561 24/12/2025 12/12/2025 599.00 29/09/2025 Books